Music Quiz

Random Music Quiz

Justin Bieber Nicknames Quiz Stats

 Plays Quiz not verified by Sporcle

Score 0/11 Timer 04:00
0 Plays Today
Nicknames % Correct
JB
88.1%
Bieber
69.1%
Biebz
15.9%
Beebs
13.9%
Bieber Fever
11.9%
J-Beebs
10.7%
J-Biebz
10.5%
Angry Biebers
2.7%
Biebinator
2.1%
pass the Biebs
1.9%
Harry Biebers
1.6%

You're not logged in!

Compare scores with friends on all Sporcle quizzes.
OR
Log In

Show Comments

Extras

Top Quizzes Today


Score Distribution

Your Account Isn't Verified!

In order to create a playlist on Sporcle, you need to verify the email address you used during registration. Go to your Sporcle Settings to finish the process.

Report this User

Report this user for behavior that violates our Community Guidelines.

Details: